000 00474nam a2200169 i 4500
001 99099
003 ES-MaACL
005 20230906182435.0
007 t|
008 051121s1972 pr ||||1| spa d
080 _a821.134.2(729.5)-4"19"
100 1 _aDiez de Andino, Juan.
_944697
245 1 0 _aSobre la marcha... /
_cJuan Diez de Andino.
260 _aSan Juan de Puerto Rico :
_b[s.n.],
_c1972.
300 _a340 p. ;
_c22 cm.
852 _aES-MaACL
_jE-11074
_bR.136730
999 _c99099
_d99099